It looks like you're offline.
Open Library logo
additional options menu

MARC record from Internet Archive

LEADER: 02070cam 2200505Ia 4500
001 ocm20500893
003 OCoLC
005 20160207024304.0
008 891017t19891941caua j 000 1 eng d
007 ta
010 $a 86027014
040 $aGZI$beng$cGZI$dOCL$dOCLCQ$dBAKER$dBTCTA$dYDXCP$dOCLCG$dUUC$dOCLCQ$dOCLCF$dOCLCQ$dAZZPT$dYVO$dOCLCO$dOCL$dOCLCQ$dTXGAI
019 $a68903408$a704098499$a778990061
020 $a015299646X$q(pbk.)
020 $a9780152996468$q(pbk.)
020 $a0152056548
020 $a9780152056544
020 $a0152996478 : HRD
020 $a9780152996475 : HRD
020 $a9781442039605$q(Paw prints)
020 $a1442039604$q(Paw prints)
035 $a(OCoLC)20500893$z(OCoLC)68903408$z(OCoLC)704098499$z(OCoLC)778990061
050 4 $aPZ3.T837$bWo 1989
082 04 $a[Fic]$222
100 1 $aTunis, John Roberts,$d1889-1975.
245 10 $aWorld series /$cJohn R. Tunis.
260 $aSan Diego :$bHarcourt Brace Jovanovich,$c[1989], ℗♭1941.
300 $aix, 248 pages ;$c20 cm
336 $atext$btxt$2rdacontent
337 $aunmediated$bn$2rdamedia
338 $avolume$bnc$2rdacarrier
500 $a"Odyssey classic."
520 $aRoy Tucker, the Kid from Tomkinsville, joins the rest of his Dodger teammates in a come-from-behind battle for the series title.
526 0 $aAccelerated Reader$bGrades 5-8$c4.9$d7$xSD$zQuiz 5399$zEnglish fiction, vocabulary quiz available.
650 0 $aBaseball stories.
650 7 $aBaseball stories.$2fast$0(OCoLC)fst00828034
650 14 $aBaseball$vFiction.
938 $aBaker & Taylor$bBKTY$c6.00$d4.50$i015299646X$n0001752515$sactive
938 $aBaker and Taylor$bBTCP$nbl 99996008
938 $aYBP Library Services$bYANK$n91488
952 $a20500893$zGZI$hFull OCLC member$iLCC$kDDC$nSummary$u20151101
952 $a183168346$zN15$bNEW YORK UNIV, GROUP BATCHLOAD$hFull$nSummary$u20100712
952 $a479241981$zN15$bNEW YORK UNIV, GROUP BATCHLOAD$hFull$nSummary$u20110914
994 $aZ0$bPMR
948 $hNO HOLDINGS IN PMR - 158 OTHER HOLDINGS